La Iglesia española considerada en sí misma y en sus relaciones con el Estado / (Record no. 164108)

MARC details
000 -LEADER
campo de control de longitud fija 00603nam a22001695i 4500
001 - NÚMERO DE CONTROL
campo de control 164108
003 - IDENTIFICADOR DE NÚMERO DE CONTROL
campo de control ES-MaACL
005 - FECHA Y HORA DE LA ÚLTIMA TRANSACCIÓN
campo de control 20250831024532.0
008 - DATOS DE LONGITUD FIJA--INFORMACIÓN GENERAL
campo de control de longitud fija 990125s1869 sp |||| | spa d
100 1# - ENTRADA PRINCIPAL--NOMBRE DE PERSONA
Nombre de persona Rueda, Benito.
9 (RLIN) 132160
245 13 - MENCIÓN DEL TÍTULO
Título La Iglesia española considerada en sí misma y en sus relaciones con el Estado /
Mención de responsabilidad, etc. por Benito Rueda.
260 ## - PUBLICACIÓN, DISTRIBUCIÓN, ETC.
Lugar de publicación, distribución, etc. Madrid :
Nombre del editor, distribuidor, etc. [s.n.],
Fecha de publicación, distribución, etc. 1869 (
Fabricante Estab. Tip. de Eduardo Cuesta)
300 ## - DESCRIPCIÓN FÍSICA
Extensión 224, [4] p. ;
Dimensiones 22 cm.
650 #7 - PUNTO DE ACCESO ADICIONAL DE MATERIA--TÉRMINO DE MATERIA
Término de materia o nombre geográfico como elemento de entrada Iglesia y Estado-
Subdivisión geográfica España-
Subdivisión cronológica S.XIX
Fuente del encabezamiento o término
9 (RLIN) 149103
852 ## - LOCALIZACIÓN
Ubicación ES-MaACL
Número de control de estantería F-11545
Nota libre - Enc. hol.
Holdings
Estatus retirado Estado de pérdida Estado de daño No para préstamo Colección Biblioteca de origen Biblioteca actual Ubicación en estantería Fecha de adquisición Fuente de adquisición Total de préstamos Signatura topográfica completa Código de barras Visto por última vez Precio de reemplazo Tipo de ítem Koha
        Libros del s. XIX Biblioteca del Ateneo de Madrid Biblioteca del Ateneo de Madrid Sala Pecera Planta 2 17/01/2008     F-11545 1171998 23/02/2023 23/02/2023 Libro impreso antiguo